UM Logo

Static Versus Dynamic Representational and Decorative Pictures in Mathematical Word Problems: (Record no. 24252)

MARC details
000 -LEADER
fixed length control field 01099nam a22002537a 4500
003 - CONTROL NUMBER IDENTIFIER
control field OSt
005 - DATE AND TIME OF LATEST TRANSACTION
control field 20260219185022.0
008 - FIXED-LENGTH DATA ELEMENTS--GENERAL INFORMATION
fixed length control field 260129b |||||||| |||| 00| 0 eng d
040 ## - CATALOGING SOURCE
Transcribing agency 0
082 ## - DEWEY DECIMAL CLASSIFICATION NUMBER
Classification number DPer 370.15 J826 May-August 2024 v. 116 n. 4-6
100 ## - MAIN ENTRY--PERSONAL NAME
Personal name Ehrhart, Tom
Relator term author.
9 (RLIN) 69487
245 ## - TITLE STATEMENT
Title Static Versus Dynamic Representational and Decorative Pictures in Mathematical Word Problems:
Remainder of title Less Might Be More /
Statement of responsibility, etc. Tom Ehrhart, Tim Niclas Hoffler, Simon Grund , and Marlit Annalena Lindner.
260 ## - PUBLICATION, DISTRIBUTION, ETC. (IMPRINT)
Place of publication, distribution, etc. Washington, DC ;
Name of publisher, distributor, etc. American Psychological Association ,
Date of publication, distribution, etc. May 2024
300 ## - PHYSICAL DESCRIPTION
Extent Vol. 116, pages 532-549 :
Other physical details illustration ;
Dimensions 28 cm.
500 ## - GENERAL NOTE
General note Journal of Educational Psychology, vol. 116, no. 4, pages 532-549, October-November 2024.
650 #0 - SUBJECT ADDED ENTRY--TOPICAL TERM
Topical term or geographic name as entry element Cognitive processes.
9 (RLIN) 64869
650 #0 - SUBJECT ADDED ENTRY--TOPICAL TERM
Topical term or geographic name as entry element Computer Assisted Testing
9 (RLIN) 69849
650 #0 - SUBJECT ADDED ENTRY--TOPICAL TERM
Topical term or geographic name as entry element Difficulty level.
9 (RLIN) 64992
700 ## - ADDED ENTRY--PERSONAL NAME
Personal name Ehrhart, Tom
Relator term author.
9 (RLIN) 69487
700 ## - ADDED ENTRY--PERSONAL NAME
Personal name Hoffler, Tim Niclas
Relator term author.
9 (RLIN) 69488
700 ## - ADDED ENTRY--PERSONAL NAME
Personal name Grund, Simon
Relator term author.
9 (RLIN) 69489
700 ## - ADDED ENTRY--PERSONAL NAME
Personal name Lindner, Marlit Annalena
Relator term author.
9 (RLIN) 69490
942 ## - ADDED ENTRY ELEMENTS (KOHA)
Source of classification or shelving scheme Dewey Decimal Classification
Koha item type Periodicals
Holdings
Withdrawn status Lost status Source of classification or shelving scheme Damaged status Not for loan Collection code Home library Current library Date acquired Total Checkouts Full call number Date last seen Price effective from Koha item type Public note
    Dewey Decimal Classification     Periodicals UM Digos College - LIC UM Digos College - LIC 01/29/2026   DPer 370.15 J826 May-August 2024 v. 116 n. 4-6 01/29/2026 01/29/2026 Periodicals Periodical article